Rozhovory z diaľky

Bibliographic Details
Other Authors: Repka, Vladimír, 1963- (Photographer), Bobák, Ján, 1950- (Author of introduction, etc.)
Format: Book
Language:Slovak
PhysicalDescription:325 s. fotogr. 24 cm
Published: Martin Matica slovenská 2000
ISBN:8070905727
Subjects:

MARC

LEADER 00000nam a2200000 a 4500
001 vtls001394360
003 SK-MaSNL
005 20260331204051.0
008 240226s2000 xo a r slo
015 |a SNBA2000/10-03609 
020 |a 8070905727 
035 |a SNK000348687 
035 |a urn:nbn:sk:snk-amk3iq 
035 |a urn:nbn:sk:snk-am005cqe 
035 |a 8540930E-E0C6-4D8D-96DF-AB7CEF95583A 
040 |a SNK  |b slo  |c SNK  |e AACR2 
041 0 |a slo 
044 |a xo  |c SK 
080 |a 325.254(437.6)  |2 1981 
080 |a 929  |2 1981 
100 1 |a Repka, Vladimír,  |d 1963-  |4 pht  |9 119636 
245 1 0 |a Rozhovory z diaľky  |c Vladimír Repka 
260 |a Martin  |b Matica slovenská  |c 2000 
300 |a 325 s.  |b fotogr.  |c 24 cm 
500 |a Fotogr. Vladimír Repka; Dosl. nap. Ján Bobák 
504 |a Men. reg. Skrat. 
650 0 7 |a Slováci v zahraničí  |x emigrácia politická  |x rozhovory  |2 SNK  |9 295792 
650 0 7 |a politická emigrácia  |z Slovensko  |2 SNK  |9 65560 
655 7 |a príručky  |2 SNK  |9 74364 
700 1 |a Bobák, Ján,  |d 1950-  |4 aui  |9 104397 
919 |a 80-7090-572-7 
958 |a TL 
999 |c 551920  |d 553850 
952 |t P60, <03>, [BOOK], {603}  |a SNK  |b SNK  |y PREZ  |7 0  |p 17A0247908  |o snkSC 102479  |i snkKSP 8368/2000  |0 0  |1 0  |4 0  |d 2000-08-16  |f 1  |l 0  |r 2025-09-24 00:00:00  |w 2026-02-23 
952 |t P60, <04>, [BOOK], {604}  |a SNK  |b SNK  |y VYP  |7 0  |p 17A0247909  |o snkSC 102479 D1  |i snkKSP 8369/2000  |0 0  |1 0  |4 0  |d 2000-08-16  |l 0  |r 2005-01-02 00:00:00  |w 2026-02-23 
952 |t snkREP 323.113  |a SNKUST  |b SNKUST  |y PREZ  |7 0  |p 17A0201662  |o snkSC 102479 D2  |i snkF 153/2004  |8 5  |0 0  |1 0  |4 0  |d 2000-08-14  |l 0  |r 2025-04-30 00:00:00  |w 2026-02-23